00433nam a2200133Ia 45000010005000000080041000050820025000461000062000712450099001332600018002325900007002509010027002579990015002843115241024s9999 xx 000 0 und d aRD/352.14/R426o/1-96 aRepública Dominicana. Ministerio de Educación. MINERD 0aOrdenanza 1-96 sobre evaluación educativa técnico profesional: propuesta de modificación bSanto Domingo asi a8/8/2013 10:57:26 a.m. c9475d9475